000 01068nam a2200241Ia 4500
999 _c34620
_d34620
001 383
003 GE_BSU
005 20200130170123.0
008 181216s2003||||ge |||||||||||||| ||geo||
020 _a9994017020
040 _cGE_BSU
041 _ageo
080 _a328.185 კ-60
100 _aკლიტგაარდი, რობერტი
_96551
245 _aკორუფციის კონტროლი = Controlling Corruption /
_c რობერტ კლიტგაარდი; [მთარგმნ.: ნინო უზნაძე ; სარედ. საბჭო: შადიმან ხელაძე და სხვ.].
264 _aთბილისი :
_bჯისიაო,
_c2003.
300 _a268 გვ.;
_b19 სმ.
653 _aკორუფცია
653 _aსამართალი
700 _aუზნაძე, ნინო
_eმთარგმნელი
_96552
700 _a ხელაძე შადიმან და სხვ.
_eრედაქტორი
_96553
942 _cBK
_2udc